000 00801nam a2200193 a 4500
001 000044424
005 20240307073948.0
008 140630s2007 dr 000 0 spa d
040 _aDO-SdBNP
_bspa
_cBNPHU
082 _axxxx
_bxxxx
100 1 _aMorrison, Mateo,
_d1947-
_91469
245 1 3 _aEl tema del amor en la poesía de Mateo Morrison /
_cMateo Morrison.
260 _aSanto Domingo :
_bUniversitaria,
_c2007.
300 _a88 P. ;
_c21 cm.
490 1 _aPublicaciones de la Universidad Autónoma de Santo Domingo
_v1385
_aliteratura y sociedad
_v85
500 _aIncluye datos biográficos del autor en la contracubierta
710 1 _aUniversidad Autónoma de Santo Domingo
_972951
830 0 _aPublicaciones de la Universidad Autónoma de Santo Domingo ;
_v1385
_pliteratura y sociedad
_n85
_972439
999 _c43913
_d43913